1800 1492 1871 1910 1029 1973 1452 1931 1708 1408 1222 1593 1502 1722 1981 1410 1564 1369 1349 1350 1600 1644 1176 1550 1719 1113 1777 1443 1563 1529 1612 1324 1841 1610 1973 1570 1282 1625 1788 1343 1134 1447 1161 1189 1056 1268 1657 1844 1287 1689 1413 1833 1472 1153 1633 1766 1954 1678 1104 1840 1585 1829 1702 1741 1124 1248 1688 1232 1539 1419 1883 1939 1398 1952 1484 1663 1900 1311 1163 1591 1481 1826 1920 1328 1443 1630 1934 1162 1185 1835 1905 1739 1990 1406 1101 1440 1836 1751 1324 BCNSPRNW ULIB Ver.6.0+V

เปลี่ยนเป็นภาษาไทย

Change to English
 แสดงรายละเอียดบรรณานุกรม
  กลับหน้าหลัก

Brief Record : Get Marc (ISO 2709) : E-mail record : QR code < ปิดหน้าต่าง
LEADER : 00000nam 2200000uu 4500
001    13399111765
003     ULIB
008    110627s2552||||th 000 0 tha d
020    9786167081007
090    นว.^bป545พ 2552
100 0  ปาณัฐ
245 00 เพลิงรักเงาหัวใจ/^cปาณัฐ
250    พิมพ์ครั้งที่ 1
260    นนทบุรี :^bสมาร์ทบุ๊ค,^c2552
300    456 หน้า
945    ^p280^l0^i028071
995    ทศพร
999 ^a ใช้งานได้ทุกระบบ
รายการนี้ยังไม่มีแท็ก
คุณยังไม่ได้ล็อกอิน คุณสามารถมีกิจกรรมร่วมกับเว็บไซต์ได้ แต่ต้องล็อกอินก่อน ::
  ล็อกอิน

รายการสื่อสารสนเทศ

ลำดับที่ ประเภท เลขเรียก/บาร์โค้ด สถานที่ สถานะ
1. นวนิยาย
นวนิยาย
นว. ป545พ 2552 ฉ.1 
  Barcode: 028071
ห้องสมุดวิทยาเขตสวรรค์ประชารักษ์
►นวนิยาย
บนชั้น
  ขอยืม

BibComment


ยังไม่เคยถูกคอมเมนท์

คอมเมนท์ทรัพยากรรายการนี้
  คอมเมนท์: เพลิงรักเงาหัวใจ ..


 Copyright 2026. Bcnsprnw @Library